Vybrané aspekty ICT v zdravotníckych zariadeniach na Slovensku

Problematika využívania informačno-komunikačných technológií v zdravotníckych zariadeniach na Slovensku. Výstup z výskumu realizovaného v zdravotníckych zariadeniach na Východnom Slovensku.

Saved in:
Bibliographic Details
Main Author: Gavurová, Beáta, 1972-
Format: Book Chapter
Language:Slovak
Subjects:
Tags: Add Tag
No Tags, Be the first to tag this record!

MARC

LEADER 00000naa a2200000 4500
001 0156705
005 20220726092514.4
041 0 |a slo 
044 |a SK 
245 1 0 |a Vybrané aspekty ICT v zdravotníckych zariadeniach na Slovensku  |c Beáta Gavurová 
520 |a Problematika využívania informačno-komunikačných technológií v zdravotníckych zariadeniach na Slovensku. Výstup z výskumu realizovaného v zdravotníckych zariadeniach na Východnom Slovensku. 
610 2 0 |a technológie informačné 
610 2 0 |a technológie komunikačné 
610 2 0 |a Slovensko 
610 2 0 |a výskum štatistický 
610 2 0 |a zariadenia zdravotnícke 
100 1 |a Gavurová, Beáta, 1972-